000 00688nam a2200289Ia 4500
005 20260324130754.0
008 008 260324s9999 xx 000 0 eng d
020 _a9781003061991
037 _aEBOOK
040 _aCRL
040 _beng
040 _cCRL
041 _2eng
041 _aeng
084 _qCRL
100 _aMichael G. Lee
_91183028
245 4 _aThe German Mittelweg
245 0 _bGarden Theory and Philosophy in the Time of Kant
260 _bTaylor and Francis
260 _c2007
365 _a
365 _b240
856 _uhttp://www.taylorfrancis.com/books/9781003061991
942 _cEBOOK
999 _c1779514
_d1779514